| 000 | 00657nam a2200241 a 4500 | ||
|---|---|---|---|
| 005 | 20210219152952.0 | ||
| 008 | 991125n 000 0 u | ||
| 035 | _aUPN01000069743 | ||
| 100 | _aGuyton, Edith | ||
| 222 | 0 | _aSOCIAL EDUCATION | |
| 245 | 0 | _aCooperative learning and elementary social studies | |
| 300 | _a313-315 | ||
| 362 | _a55, No. 5, 1991 | ||
| 505 | _aJunio 1992 | ||
| 653 | 0 | _aACTIVIDADES DE GRUPO | |
| 653 | 0 | _aAPRENDIZAJE COOPERATIVO | |
| 653 | 0 | _aDESARROLLO INDIVIDUAL | |
| 653 | 0 | _aESTUDIOS SOCIALES | |
| 653 | 0 | _aMETODOS DE ENSEĆANZA | |
| 653 | 0 | _aOBJETIVOS EDUCATIVOS | |
| 904 |
_aAC _b007554 |
||
| 905 | _aArticulo | ||
| 999 |
_c65063 _d65063 |
||